Devocion para el dia ocho de cada mes, en solemnidad del misterio de la Inmaculada Concepcion de Maria Santisima Nuestra Señora

Detalles Bibliográficos
Formato: Libro
Lenguaje:Spanish
Publicado: Mexico 1879
Materias:
Colección:Banco de datos
Acervo:Biblioteca Armando Olivares Carrillo de la Universidad de Guanajuato. Fondo Conventos
Descripción Física:31 p. il. 8°
Tema general:Ascética
Notas:Incluye frontispicio en grabado xilográfico
LEADER 00679nam a22001810004500
035 |a 2258 
041 0 |a spa 
050 4 |a BV5021  |b S4 
245 1 0 |a Devocion para el dia ocho de cada mes, en solemnidad del misterio de la Inmaculada Concepcion de Maria Santisima Nuestra Señora  |c dispusolo su digno esclavo y devoto, J.G.  
260 |a Mexico  |b imp. de la V. é hijos de Murguia  |c 1879 
300 |a 31 p.  |b il.  |c 8° 
500 |a Incluye frontispicio en grabado xilográfico 
501 |a 8 obras 
650 1 0 |a Ascética 
949 |a CO. 4331-D 
942 |c GUANAJUATO 
943 |g Biblioteca Armando Olivares Carrillo de la Universidad de Guanajuato. Fondo Conventos 
999 |c 1146215  |d 1146215